German Bundesliga Teams as NFL Teams - Statistics

General Stats
  • This quiz has been taken 32 times
  • The average score is 12 of 18
Answer Stats
“NFL Name” Actual Team % Correct
Bavarians Bayern München
96%
Bees Borussia Dortmund
85%
Bulls RB Leipzig
85%
Wolves VfL Wolfsburg
81%
Mariners Werder Bremen
78%
Eagles Eintracht Frankfurt
74%
Foals (baby horse) Borussia M‘Gladbach
70%
Puppeteers FC Augsburg
63%
Pirates FC St. Pauli
63%
Gryphons SC Freiburg
63%
Knights Union Berlin
63%
Lions Bayer Leverkusen
59%
Hammers VfL Bochum
59%
Storks Holstein Kiel
56%
Rangers TSG Hoffenheim
56%
Owls 1. FC Heidenheim
52%
Deers VfB Stuttgart
52%
Saints 1. FSV Mainz 05
48%
No matching quizzes found
Score Distribution
Percent of People with Each Score
Percentile by Number Answered
Your Score History
You have not taken this quiz